El marxismo en la Unión Soviética / (Record no. 50808)
[ view plain ]
| 000 -LEADER | |
|---|---|
| campo de control de longitud fija | 00512nam a2200169 i 4500 |
| 001 - NÚMERO DE CONTROL | |
| campo de control | 50808 |
| 003 - IDENTIFICADOR DE NÚMERO DE CONTROL | |
| campo de control | ES-MaACL |
| 007 - CAMPO FIJO DE DESCRIPCIÓN FÍSICA--INFORMACIÓN GENERAL | |
| campo de control de longitud fija | t| |
| 008 - DATOS DE LONGITUD FIJA--INFORMACIÓN GENERAL | |
| campo de control de longitud fija | 030806s1966 sp ||||1| spa d |
| 100 1# - ENTRADA PRINCIPAL--NOMBRE DE PERSONA | |
| Nombre de persona | Chambre, Henri. |
| 9 (RLIN) | 37867 |
| 245 13 - MENCIÓN DEL TÍTULO | |
| Título | El marxismo en la Unión Soviética / |
| Mención de responsabilidad, etc. | Henri Chamber ; [traducción por Pilar de Miguel de Lucas]. |
| 250 ## - MENCION DE EDICION | |
| Mención de edición | 2ª ed. |
| 260 ## - PUBLICACIÓN, DISTRIBUCIÓN, ETC. | |
| Lugar de publicación, distribución, etc. | Madrid : |
| Nombre del editor, distribuidor, etc. | Tecnos, |
| Fecha de publicación, distribución, etc. | [1966] |
| 300 ## - DESCRIPCIÓN FÍSICA | |
| Extensión | 516 p. ; |
| Dimensiones | 23 cm. |
| 700 1# - ENTRADA AGREGADA--NOMBRE PERSONAL | |
| Nombre de persona | Miguel de Lucas, Pilar de. |
| 9 (RLIN) | 81022 |
| 852 ## - LOCALIZACIÓN | |
| Ubicación | ES-MaACL |
| Número de control de estantería | E-9131 |
| Sublocalización o colección | R.93453 |
| Estatus retirado | Estado de pérdida | Estado de daño | No para préstamo | Biblioteca de origen | Biblioteca actual | Ubicación en estantería | Fecha de adquisición | Fuente de adquisición | Total de préstamos | Signatura topográfica completa | Código de barras | Visto por última vez | Precio de reemplazo | Tipo de ítem Koha |
|---|---|---|---|---|---|---|---|---|---|---|---|---|---|---|
| Biblioteca del Ateneo de Madrid | Biblioteca del Ateneo de Madrid | Depósito 2 | 17/01/2008 | E-9131 | 1053438 | 23/02/2023 | 23/02/2023 | Libro impreso |
